Gaming Quiz

Random Gaming or Video Games Quiz

Video Games by Text Message Quiz Stats

 Plays Quiz Updated Mar 7, 2019

Support Sporcle.
Go Orange.
Score 0/16 Timer 06:00
0 Plays Today
% Correct
Mario Kart series
95.9%
Tetris
95.3%
Grand Theft Auto series
93.9%
The Legend of Zelda
89.5%
Pac-Man
89.4%
Minecraft
85.5%
Sonic the Hedgehog Series
85.5%
Mortal Kombat
85.2%
% Correct
Street Fighter II
77.9%
Doom
69.7%
God of War
69%
Portal
63.6%
GoldenEye 007
62%
Castlevania Series
58.2%
Mega Man 2
55.2%
Punch-Out!!
54.9%

You're not logged in!

Compare scores with friends on all Sporcle quizzes.
OR
Log In

From the Vault

TV Show by Baseball/Softball Scene

by WillieG

All the fun of the ball park without the peanuts and Cracker Jack.
Remove Ads.
Support Sporcle.
Get the best of Sporcle when you Go Orange. This ad-free experience offers more features, more stats, and more fun while also helping to support Sporcle. Thank you for becoming a member.

Show Comments

Extras

Top Quizzes Today


Score Distribution

Your Account Isn't Verified!

In order to create a playlist on Sporcle, you need to verify the email address you used during registration. Go to your Sporcle Settings to finish the process.

Report this User

Report this user for behavior that violates our Community Guidelines.

Details: